[Event "Tournoi Skype 030B"]
[Site "Skype"]
[Date "????.??.??"]
[Round "5.34"]
[White "De Coninck, Philippe"]
[Black "Barajas, Nestor"]
[Result "1/2-1/2"]
[WhiteElo "1173"]
[BlackElo "1007"]
[PlyCount "89"]

1. e4 c5 2. Nf3 e6 3. d4 cxd4 4. Nxd4 Nc6 5. Be2 Nf6 6. Nc3 e5 7. Nxc6 bxc6 8.
Be3 Be7 9. Qd2 d6 10. O-O O-O 11. Rad1 Be6 12. a3 d5 13. exd5 cxd5 14. Bg5 h6
15. Bxf6 Bxf6 16. Nxd5 Bg5 17. Qd3 Qa5 18. Qb5 Qxb5 19. Bxb5 Rfd8 20. Nc7 Rxd1
21. Nxa8 Rxf1+ 22. Kxf1 Bc1 23. Nc7 Bf5 24. c4 Bxb2 25. a4 Bd4 26. Ke2 Kh7 27.
Nd5 Kg6 28. Ne7+ Kf6 29. Nxf5 Kxf5 30. Bd7+ Kf4 31. g3+ Kg5 32. h4+ Kf6 33. f3
Ke7 34. Bc6 Kd6 35. Bb5 Kc5 36. g4 g5 37. hxg5 hxg5 38. Kd3 Kb4 39. Ke4 f6 40.
Kf5 e4 41. Kxe4 Be5 42. Kd5 Ka5 43. c5 a6 44. Bd7 Kb4 45. Be8 1/2-1/2

[Event "Tournoi Skype 030B"]
[Site "Skype"]
[Date "????.??.??"]
[Round "5.35"]
[White "Ibanez, Bittor"]
[Black "De Nobrega, George"]
[Result "0-1"]
[WhiteElo "1080"]
[BlackElo "1166"]
[PlyCount "58"]

1. e4 e5 2. Nf3 Nc6 3. Bc4 h6 4. d4 exd4 5. O-O Bc5 6. c3 dxc3 7. Nxc3 a6 8.
Re1 Nge7 9. Nd5 O-O 10. Bf4 d6 11. e5 Be6 12. Nf6+ Kh8 13. Bxe6 fxe6 14. Nh5
Ng6 15. exd6 Nxf4 16. Nxf4 Rxf4 17. Rxe6 Bxd6 18. g3 Rf6 19. Qb3 Rxe6 20. Qxe6
Qe8 21. Qb3 b5 22. Re1 Qf8 23. Nh4 Qg8 24. Qf3 Ne5 25. Rxe5 Bxe5 26. Ng6+ Kh7
27. Qf5 Qe8 28. Nxe5+ Kg8 29. Nc6 Qxc6 0-1

[Event "Tournoi Skype 030B"]
[Site "Skype"]
[Date "????.??.??"]
[Round "5.36"]
[White "Rivalta, Paolo"]
[Black "Franco Flores, Ximena"]
[Result "1-0"]
[WhiteElo "1142"]
[BlackElo "1000"]
[PlyCount "83"]

1. e4 e5 2. Nf3 Nc6 3. Bc4 Nf6 4. Ng5 d5 5. exd5 Nxd5 6. Nxf7 Kxf7 7. Qf3+ Ke8
8. Bxd5 Ne7 9. Bxb7 Bxb7 10. Qxb7 Rb8 11. Qxa7 Ng6 12. d3 Be7 13. O-O Rf8 14.
Nc3 Kf7 15. Qe3 Kg8 16. b3 Bb4 17. Bb2 Re8 18. a3 Bxc3 19. Bxc3 Qd5 20. b4 Nh4
21. Qg5 Ng6 22. d4 Qc4 23. Qd2 Rbd8 24. Rfe1 Rf8 25. Re4 Qd5 26. Qd3 Nf4 27.
Qe3 Ng6 28. h3 Rf4 29. Rxf4 exf4 30. Qe2 Nh4 31. f3 Qg5 32. Re1 Nxg2 33. Qxg2
Qg3 34. Qxg3 fxg3 35. Kg2 h5 36. Kxg3 g5 37. h4 Rd5 38. Re5 Rxe5 39. dxe5 Kf7
40. hxg5 Kg6 41. f4 Kf5 42. a4 1-0

[Event "Tournoi Skype 030B"]
[Site "Skype"]
[Date "????.??.??"]
[Round "5.37"]
[White "Gomez Caballero, Blas"]
[Black "Salvi, Angele"]
[Result "1-0"]
[WhiteElo "1133"]
[BlackElo "1000"]
[PlyCount "45"]

1. d4 g6 2. e4 Bg7 3. Nf3 b6 4. Nc3 Bb7 5. Bb5 Nf6 6. Bd3 O-O 7. O-O Nxe4 8.
Bxe4 c6 9. d5 f5 10. dxc6 Nxc6 11. Bd5+ Kh8 12. Bg5 Qe8 13. Re1 Bf6 14. Bh6 Bg7
15. Bxg7+ Kxg7 16. Bxc6 Bxc6 17. Qd4+ Kg8 18. Ng5 h6 19. Nf3 Kh7 20. Nd5 Rd8
21. Rxe7+ Qxe7 22. Nxe7 Rfe8 23. Re1 1-0

[Event "Tournoi Skype 030B"]
[Site "Skype"]
[Date "????.??.??"]
[Round "5.38"]
[White "Santa Cruz, Oscar Ruben"]
[Black "Yanez, Leticia Jorgelina"]
[Result "0-1"]
[WhiteElo "1000"]
[BlackElo "1120"]
[PlyCount "32"]

1. e4 e5 2. Nf3 Nc6 3. Bc4 Bc5 4. c3 Nf6 5. d3 O-O 6. O-O d6 7. b4 Bb6 8. a3
Ne7 9. Nbd2 d5 10. exd5 Nexd5 11. Qc2 Nf4 12. Bb2 N6h5 13. Nxe5 Qg5 14. g3 Nxg3
15. Rfe1 Nge2+ 16. Kh1 Qg2# 0-1

[Event "Tournoi Skype 030B"]
[Site "Skype"]
[Date "????.??.??"]
[Round "5.39"]
[White "Abate, Luigi"]
[Black "Radice, Marco"]
[Result "0-1"]
[WhiteElo "1119"]
[BlackElo "1000"]
[PlyCount "58"]

1. e4 c5 2. Nf3 d6 3. Nc3 Nf6 4. d4 cxd4 5. Nxd4 e5 6. Ndb5 a6 7. Na3 Be6 8. b3
Be7 9. Bc4 Qc8 10. O-O Nc6 11. Bd2 Rb8 12. Bxe6 Qxe6 13. Be3 b5 14. b4 Nxb4 15.
Nd5 Nbxd5 16. exd5 Nxd5 17. Bd2 Bf6 18. Rb1 b4 19. Nc4 Nc3 20. Bxc3 Qxc4 21.
Rb3 a5 22. Qxd6 Rd8 23. Qb6 bxc3 24. Qxa5 O-O 25. Rxc3 Qe2 26. Rd3 e4 27. Rd5
Rxd5 28. Qxd5 Rd8 29. Re1 Qxe1# 0-1

[Event "Tournoi Skype 030B"]
[Site "Skype"]
[Date "????.??.??"]
[Round "5.41"]
[White "Rodriguez, Nathalie"]
[Black "Luna Perez Vico, Lorenzo"]
[Result "1-0"]
[WhiteElo "1127"]
[BlackElo "1341"]
[PlyCount "81"]

1. d4 Nf6 2. Bf4 d5 3. Nc3 e6 4. Nb5 Na6 5. e3 c6 6. Nc3 Nb8 7. Nf3 Nbd7 8. Be2
Be7 9. Ne5 Nxe5 10. dxe5 Ne4 11. Nxe4 dxe4 12. Qd4 Qxd4 13. exd4 Bd7 14. Bc4 b5
15. Bb3 Rb8 16. a3 a5 17. c3 c5 18. Bc2 Bc6 19. Rd1 Bd5 20. O-O O-O 21. Rfe1
cxd4 22. cxd4 a4 23. Bxe4 Rfd8 24. Rc1 Bc4 25. f3 Rb7 26. Bxb7 Rxd4 27. Be3 Rd8
28. g4 g6 29. Be4 Bh4 30. Bf2 Bxf2+ 31. Kxf2 Rd2+ 32. Kg3 Rxb2 33. Rcd1 Rb3 34.
Rd8+ Kg7 35. Red1 Rxa3 36. R1d7 Rc3 37. Re7 Re3 38. Kf4 Re2 39. Ree8 Rxh2 40.
Rg8+ Kh6 41. g5+ 1-0

[Event "Tournoi Skype 030B"]
[Site "Skype"]
[Date "????.??.??"]
[Round "5.42"]
[White "Vincent, Andre"]
[Black "Latterra, Jeremias"]
[Result "1-0"]
[WhiteElo "1332"]
[BlackElo "1006"]
[PlyCount "43"]

1. Nf3 Nf6 2. d4 d5 3. g3 Bf5 4. Bg2 c6 5. c4 Nbd7 6. Nc3 dxc4 7. O-O e6 8. Bf4
Be7 9. Re1 Nd5 10. Nxd5 cxd5 11. Qd2 O-O 12. a3 g5 13. Nxg5 Bxg5 14. Bxg5 Qxg5
15. Qxg5+ Bg6 16. e4 f6 17. Qf4 e5 18. Qe3 Nb6 19. exd5 Nxd5 20. Bxd5+ Bf7 21.
Bxf7+ Rxf7 22. dxe5 1-0

[Event "Tournoi Skype 030B"]
[Site "Skype"]
[Date "????.??.??"]
[Round "5.43"]
[White "Vervoort, Jean-Louis"]
[Black "Cassano, Mariangela"]
[Result "1-0"]
[WhiteElo "1273"]
[BlackElo "1000"]
[PlyCount "55"]

1. d4 d5 2. Bf4 Nf6 3. Nd2 e6 4. e3 Be7 5. Ngf3 O-O 6. c3 c6 7. Qc2 b5 8. Ng5
h6 9. Ngf3 Bd6 10. Bg3 Qc7 11. Bd3 Nbd7 12. O-O-O Re8 13. Rde1 Nf8 14. e4 dxe4
15. Nxe4 N6d7 16. Nxd6 Qxd6 17. Bxd6 Ng6 18. Bxg6 Nf8 19. Bxf8 Rxf8 20. Bh5 g6
21. Bxg6 Bd7 22. Ne5 Be8 23. Bxf7+ Bxf7 24. Nxf7 Rxf7 25. Qg6+ Kh8 26. Qxf7 Rg8
27. Rxe6 Rf8 28. Rxh6# 1-0

[Event "Tournoi Skype 030B"]
[Site "Skype"]
[Date "????.??.??"]
[Round "5.44"]
[White "Delgado Abate, Bryan Xavier"]
[Black "Hernandez Monzon, Alejandro"]
[Result "0-1"]
[WhiteElo "1109"]
[BlackElo "1242"]
[PlyCount "48"]

1. d4 Nf6 2. c4 g6 3. Nc3 d5 4. g3 e6 5. Bg2 c5 6. cxd5 exd5 7. dxc5 Be6 8. Qd4
Nc6 9. Qa4 Bxc5 10. e4 d4 11. e5 dxc3 12. Bxc6+ bxc6 13. Qxc6+ Bd7 14. Qxc5 Rc8
15. Qa3 cxb2 16. Bxb2 Nd5 17. e6 Bxe6 18. Bxh8 f6 19. Nf3 Kf7 20. O-O Qxh8 21.
Qxa7+ Rc7 22. Qd4 Qa8 23. Nd2 Nc3 24. Rac1 Ne2# 0-1

[Event "Tournoi Skype 030B"]
[Site "Skype"]
[Date "????.??.??"]
[Round "5.45"]
[White "Bellati, Fabio"]
[Black "Malbec, Robert"]
[Result "0-1"]
[WhiteElo "1104"]
[BlackElo "1223"]
[PlyCount "72"]

1. e4 e5 2. Nf3 Nc6 3. Bc4 Bc5 4. c3 Nf6 5. d4 exd4 6. e5 Qe7 7. cxd4 Bb4+ 8.
Bd2 d5 9. Bd3 Bg4 10. O-O Nd7 11. Qb3 Bxd2 12. Nbxd2 Nb6 13. Rac1 O-O 14. a3 a5
15. Bb5 Nd8 16. Qc2 Ne6 17. h4 Rac8 18. g3 g6 19. Bd3 c5 20. dxc5 Rxc5 21. Qb1
Rxc1 22. Rxc1 Rc8 23. Ng5 Nxg5 24. hxg5 Qxg5 25. f3 Qxd2 26. Rxc8+ Nxc8 27.
fxg4 Qe3+ 28. Kh2 Ne7 29. b4 b6 30. Bb5 Qg5 31. Kh3 h5 32. gxh5 Qxh5+ 33. Kg2
Qxe5 34. Be8 Nf5 35. Qf1 Qxg3+ 36. Kh1 Qe5 0-1

[Event "Tournoi Skype 030B"]
[Site "Skype"]
[Date "????.??.??"]
[Round "5.46"]
[White "Ruiz Gomez, Luz Alba"]
[Black "Baker, Abi"]
[Result "0-1"]
[WhiteElo "1192"]
[BlackElo "1023"]
[PlyCount "68"]

1. d4 d5 2. Nf3 g6 3. Bf4 Bg7 4. e3 Nd7 5. Nbd2 c5 6. c3 a6 7. Be2 b5 8. a3 Nb6
9. O-O Bd7 10. Ne5 Bxe5 11. Bxe5 f6 12. Bf4 Qc8 13. e4 g5 14. Be3 h5 15. dxc5
Nc4 16. exd5 Nxe3 17. fxe3 Qxc5 18. Rf3 Qxd5 19. Kh1 h4 20. Kg1 Nh6 21. Rf1 g4
22. Rf4 h3 23. Bf1 Nf5 24. Re4 Ng3 25. Rf4 Qh5 26. Kf2 Qh4 27. Ne4 Nh5+ 28. Ke2
Nxf4+ 29. exf4 hxg2 30. Bxg2 Qxh2 31. Kf2 Qxf4+ 32. Ke2 g3 33. Kd3 Bh3 34. Qh5+
Rxh5 0-1

[Event "Tournoi Skype 030B"]
[Site "Skype"]
[Date "????.??.??"]
[Round "5.47"]
[White "Bland, Marilyn"]
[Black "Linares Vernet, Ana"]
[Result "0-1"]
[WhiteElo "1034"]
[BlackElo "1140"]
[PlyCount "84"]

1. d4 d5 2. Nf3 Nf6 3. e3 e6 4. Bd3 a6 5. c3 c6 6. Nbd2 Nbd7 7. O-O Bd6 8. Re1
O-O 9. Nf1 e5 10. dxe5 Nxe5 11. Nxe5 Bxe5 12. e4 Re8 13. Bg5 Qd6 14. exd5 cxd5
15. Bxf6 Qxf6 16. Qf3 Qxf3 17. gxf3 Bd7 18. Kg2 Bf4 19. Rxe8+ Rxe8 20. Ng3 g6
21. Bc2 h5 22. Rd1 Bc6 23. Rd4 Be5 24. Rh4 Bf6 25. Rf4 Bg5 26. Rd4 Kg7 27. b3
a5 28. c4 dxc4 29. Rxc4 Re5 30. a4 h4 31. Nf1 Be7 32. h3 Rc5 33. Ne3 Rxc4 34.
Nxc4 Bb4 35. Ne3 b5 36. axb5 Bxb5 37. Nd5 Bd2 38. f4 Bc6 39. Be4 Bxd5 40. Bxd5
Bxf4 41. Kf3 g5 42. Kg4 Kf6 0-1

[Event "Tournoi Skype 030B"]
[Site "Skype"]
[Date "????.??.??"]
[Round "5.50"]
[White "Garcia Arzola, Antonio"]
[Black "Jimenez Del Rosario, Alsis Raynely"]
[Result "1-0"]
[WhiteElo "1000"]
[BlackElo "1141"]
[PlyCount "45"]

1. e4 e5 2. Nf3 Nc6 3. Bc4 Nf6 4. Nc3 d5 5. exd5 Nb4 6. Nxe5 Nfxd5 7. O-O Be6
8. Nf3 Nxc3 9. bxc3 Bxc4 10. Re1+ Be6 11. d4 Nd5 12. c4 Ne7 13. d5 Bg4 14. Bf4
Bxf3 15. Qxf3 Qb8 16. c5 Kd7 17. d6 cxd6 18. Bxd6 Qd8 19. Rad1 Kc8 20. Bf4 Qa5
21. Qg4+ f5 22. Qe2 Qxc5 23. Qe6# 1-0

[Event "Tournoi Skype 030B"]
[Site "Skype"]
[Date "????.??.??"]
[Round "5.51"]
[White "Baratta, Giuseppe"]
[Black "Schuh, David"]
[Result "1-0"]
[WhiteElo "1000"]
[BlackElo "1103"]
[PlyCount "105"]

1. d4 Nf6 2. Bf4 g6 3. Nc3 Bg7 4. Nb5 d6 5. e3 Bg4 6. Nf3 Nbd7 7. c4 e5 8. dxe5
dxe5 9. Bg3 O-O 10. h3 Bxf3 11. Qxf3 c6 12. Nc3 Re8 13. Ne4 Nxe4 14. Qxe4 Qc7
15. Bd3 Qa5+ 16. Ke2 Rac8 17. Qg4 Re7 18. Bh4 f6 19. f3 c5 20. Be1 Qb6 21. b4
cxb4 22. Rb1 a5 23. a3 Bh6 24. axb4 Qxe3+ 25. Kd1 Qxd3+ 26. Bd2 Qxc4 27. Bxh6
Qd3+ 28. Bd2 Qxb1+ 29. Bc1 Qb3+ 30. Ke1 axb4 31. Bd2 Qb1+ 32. Kf2 Rc2 33. Rxb1
Rxd2+ 34. Kg3 Nc5 35. Qc4+ Rf7 36. Qxc5 Kg7 37. Qa5 Rfd7 38. h4 Rc2 39. Qxb4
Rdd2 40. Rg1 Rb2 41. Qc3 Rbc2 42. Qe3 b5 43. h5 g5 44. Qa7+ Kh6 45. Qf7 Rd8 46.
Qxf6+ Kxh5 47. Qxd8 Rc3 48. Qe8+ Kh6 49. Rh1+ Kg7 50. Qe7+ Kg6 51. Qe6+ Kg7 52.
Qxe5+ Kf7 53. Qxc3 1-0

[Event "Tournoi Skype 030B"]
[Site "Skype"]
[Date "????.??.??"]
[Round "5.52"]
[White "Dib, Catherine"]
[Black "Marroquin Mayhua, Silvia"]
[Result "0-1"]
[WhiteElo "1096"]
[BlackElo "1000"]
[PlyCount "130"]

1. Nf3 Nc6 2. c4 Nf6 3. g3 e5 4. d3 d6 5. Bg2 Bf5 6. Nbd2 g6 7. O-O Bg7 8. a3
O-O 9. b4 a6 10. Bb2 Qe7 11. Qc2 a5 12. b5 Nd4 13. Nxd4 exd4 14. Rfe1 c5 15.
bxc6 bxc6 16. Bxc6 Rab8 17. Bxd4 Qe6 18. e4 Bh3 19. Bd5 Qg4 20. Qc3 Kh8 21.
Bxf6 Bxf6 22. Qxf6+ Kg8 23. Qxd6 Kg7 24. e5 Rbe8 25. e6 Rd8 26. Qe5+ Kh6 27. e7
Qf5 28. Qxf5 gxf5 29. exd8=Q Rxd8 30. Bxf7 Rxd3 31. Red1 Rd4 32. c5 f4 33. Nf3
Re4 34. Nd2 Re7 35. c6 Rxf7 36. Nc4 a4 37. Nd6 Rg7 38. Rac1 f3 39. c7 Bg2 40.
c8=Q Rg5 41. Nf5+ Kg6 42. Nh4+ Kh5 43. Rd4 Re5 44. Nxg2 Re2 45. Qg4+ Kh6 46.
Qxf3 Rb2 47. Re1 Rb3 48. Rg4 Rxf3 49. Ne3 Rf6 50. f4 Rb6 51. Nf5+ Kh5 52. Re7
Rb1+ 53. Kf2 Rb2+ 54. Ke3 Rb3+ 55. Ke4 Kxg4 56. Nh6+ Kh3 57. Nf5 Rxa3 58. Rxh7+
Kg2 59. Nh4+ Kf2 60. Nf5 Rb3 61. Re7 a3 62. Kd4 a2 63. Kc4 Rb2 64. Kc3 a1=Q 65.
Ne3 Qe1+ 0-1

[Event "Tournoi Skype 030B"]
[Site "Skype"]
[Date "????.??.??"]
[Round "5.53"]
[White "Gerbaux, Regis"]
[Black "Jacinto Sebastian, Carlos Ivan"]
[Result "0-1"]
[WhiteElo "1075"]
[BlackElo "1000"]
[PlyCount "26"]

1. e4 c5 2. Nf3 Nc6 3. c3 d6 4. d4 e5 5. d5 Nce7 6. Nbd2 g6 7. Nb3 f5 8. Bd3
Nf6 9. Ng5 h6 10. Ne6 Bxe6 11. dxe6 fxe4 12. Bb5+ Nc6 13. Qg4 Nxg4 0-1

[Event "Tournoi Skype 030B"]
[Site "Skype"]
[Date "????.??.??"]
[Round "5.54"]
[White "Dodi, Roberto"]
[Black "Swanepoel, Karel"]
[Result "0-1"]
[WhiteElo "1000"]
[BlackElo "1058"]
[PlyCount "62"]

1. e4 c5 2. Nc3 Nc6 3. g3 e5 4. Bg2 d6 5. d3 Nf6 6. Nge2 Be7 7. O-O O-O 8. h3
a6 9. Be3 Qc7 10. Qd2 Be6 11. g4 d5 12. Ng3 d4 13. Nd5 Nxd5 14. exd5 Bxd5 15.
Bxd5 dxe3 16. Qxe3 Nd4 17. Rac1 h6 18. f4 exf4 19. Rxf4 Bg5 20. Ne2 Bxf4 21.
Nxf4 Rae8 22. Be4 g5 23. Nd5 Nf3+ 24. Qxf3 Qd6 25. Nf6+ Kg7 26. Nxe8+ Rxe8 27.
Re1 Qe6 28. Bxb7 Qxe1+ 29. Kg2 Re2+ 30. Qf2 Qxf2+ 31. Kh1 Re1# 0-1

[Event "Tournoi Skype 030B"]
[Site "Skype"]
[Date "????.??.??"]
[Round "5.55"]
[White "Koohnavard, Neda"]
[Black "Ramirez, Luis Antonio"]
[Result "1-0"]
[WhiteElo "1000"]
[BlackElo "1049"]
[PlyCount "95"]

1. e4 d6 2. c3 Be6 3. Nf3 h6 4. Bb5+ Nd7 5. d3 c6 6. Ba4 Ngf6 7. h3 g6 8. Be3
Bg7 9. Bb3 Bxb3 10. axb3 e5 11. Bxa7 Rc8 12. Be3 O-O 13. Nbd2 Re8 14. O-O Nh7
15. Ra7 b6 16. Re1 Re7 17. Nc4 Ra8 18. Ra3 Re6 19. Rxa8 Qxa8 20. Nxb6 Nxb6 21.
Bxb6 c5 22. Bc7 Qc8 23. Ba5 Re7 24. b4 cxb4 25. Bxb4 Rd7 26. Qb3 d5 27. Ra1
dxe4 28. dxe4 Qb7 29. Qc4 Rc7 30. Qd5 Qc8 31. Ra8 Qxa8 32. Qxa8+ Nf8 33. Bxf8
Bxf8 34. Nxe5 Kg7 35. b4 f6 36. Ng4 Rf7 37. b5 h5 38. Ne3 Bc5 39. Qb8 Rf8 40.
Qc7+ Be7 41. Qxe7+ Rf7 42. Qd8 f5 43. exf5 gxf5 44. b6 Kg6 45. Qc8 f4 46. Nf5
Rxf5 47. b7 Rd5 48. Qc6+ 1-0

[Event "Tournoi Skype 030B"]
[Site "Skype"]
[Date "????.??.??"]
[Round "5.56"]
[White "Valencia Gutierrez, Victor Hugo"]
[Black "Torres, Vicky"]
[Result "1-0"]
[WhiteElo "1000"]
[BlackElo "1034"]
[PlyCount "81"]

1. d4 e6 2. Nc3 d5 3. Nf3 Nf6 4. e4 dxe4 5. Ne5 Bb4 6. Bg5 O-O 7. Bxf6 Qxf6 8.
a3 Ba5 9. Be2 c6 10. b4 Bb6 11. Nxe4 Qe7 12. Bd3 a5 13. O-O Na6 14. Bxa6 bxa6
15. Qh5 g6 16. Qh6 Bxd4 17. Ng5 Qxg5 18. Qxg5 Bxa1 19. Rxa1 f6 20. Qg3 fxe5 21.
f4 exf4 22. Qf3 Bd7 23. b5 axb5 24. Rd1 Rad8 25. a4 b4 26. Rd3 e5 27. Rd2 Kg7
28. h4 Rfe8 29. h5 g5 30. Rd6 h6 31. Qd3 e4 32. Qd4+ Kh7 33. Qf6 Re6 34. Rxe6
Bxe6 35. Qxd8 Bg4 36. Qe8 e3 37. g3 f3 38. Qe4+ Kg7 39. Qxg4 e2 40. Kf2 Kf6 41.
Qxf3+ 1-0

[Event "Tournoi Skype 030B"]
[Site "Skype"]
[Date "????.??.??"]
[Round "5.58"]
[White "Wildt, Gerti"]
[Black "Grib, Jessica"]
[Result "1-0"]
[WhiteElo "1000"]
[BlackElo "1012"]
[PlyCount "51"]

1. e4 e5 2. Nf3 Nc6 3. Bc4 Qf6 4. c3 Bc5 5. O-O Nge7 6. d4 exd4 7. cxd4 Nxd4 8.
e5 Qf5 9. Bd3 Qh5 10. Be3 Nef5 11. Nbd2 d6 12. Nxd4 Qg6 13. Nxf5 Bxf5 14. Bxf5
Qxf5 15. Bxc5 dxc5 16. Re1 h5 17. Nf3 Rh6 18. Rc1 b6 19. Qd5 Rd8 20. Qb3 Rg6
21. Nh4 Qg5 22. Nxg6 Qxg6 23. g3 Rd2 24. e6 Qf5 25. exf7+ Kf8 26. Re8# 1-0

[Event "Tournoi Skype 030B"]
[Site "Skype"]
[Date "????.??.??"]
[Round "5.61"]
[White "Fuentes, Francisco"]
[Black "Gagnon, Sindy"]
[Result "1-0"]
[WhiteElo "1005"]
[BlackElo "1000"]
[PlyCount "45"]

1. e4 Nc6 2. Nf3 e6 3. c3 Nf6 4. d4 d5 5. e5 Ne4 6. Be3 Be7 7. Bd3 Ng5 8. Nbd2
O-O 9. Bxg5 Bxg5 10. Nb3 b6 11. Bc2 g6 12. O-O Ba6 13. Re1 Bf4 14. Bd3 Bb7 15.
Nbd2 f6 16. Ne4 fxe5 17. Nh4 exd4 18. Qg4 Ne5 19. Qxe6+ Nf7 20. Nf6+ Kg7 21.
Nf5+ gxf5 22. Qxf5 Qxf6 23. Qxh7# 1-0

[Event "Tournoi Skype 030B"]
[Site "Skype"]
[Date "????.??.??"]
[Round "6.1"]
[White "Garcia De La Calva, Juan Ramon"]
[Black "Rosenkoetter, David"]
[Result "1/2-1/2"]
[WhiteElo "1000"]
[BlackElo "1143"]
[PlyCount "101"]

1. e4 e5 2. Nf3 d5 3. exd5 e4 4. Nd4 Qxd5 5. c3 Nf6 6. b3 Bc5 7. Bc4 Qd7 8. Ne2
Qf5 9. O-O O-O 10. Ng3 Qg4 11. Qxg4 Bxg4 12. d4 exd3 13. Bxd3 Nc6 14. Bf4 Rac8
15. Nd2 Nd5 16. Nde4 Bb6 17. Bd2 Kh8 18. h3 Be6 19. Ng5 Nf6 20. Rae1 Bd7 21.
N3e4 Nh5 22. Be3 Bxe3 23. Rxe3 Bf5 24. Bc4 Ne5 25. Be2 Nf4 26. Bd1 Rce8 27.
Rfe1 Ned3 28. Rf1 h6 29. Nf3 Bxe4 30. Bc2 Bxf3 31. Bxd3 Rxe3 32. fxe3 Ne2+ 33.
Kf2 Bxg2 34. Kxg2 Nxc3 35. Rc1 Nxa2 36. Rxc7 Nb4 37. Bc4 Kg8 38. Rxb7 Nc6 39.
Rc7 Na5 40. Rxa7 Nxc4 41. bxc4 Rc8 42. Ra4 Kf8 43. Kf3 g5 44. Kg4 Kg7 45. Kf5
Rc5+ 46. Ke4 Kg6 47. Kd4 Rc6 48. e4 Rd6+ 49. Ke5 Re6+ 50. Kd5 Kh5 51. c5
1/2-1/2

[Event "Tournoi Skype 030B"]
[Site "Skype"]
[Date "????.??.??"]
[Round "6.2"]
[White "De Fazio, Monica"]
[Black "Herrera, Oscar"]
[Result "0-1"]
[WhiteElo "1153"]
[BlackElo "1126"]
[PlyCount "88"]

1. d4 d5 2. c4 e6 3. g3 Nf6 4. Bg2 Nc6 5. Nf3 Be7 6. O-O h6 7. b3 a6 8. Bb2 O-O
9. Nbd2 b6 10. Qc2 Bb7 11. cxd5 exd5 12. Ne5 Qd6 13. Nxc6 Bxc6 14. Rac1 Bb5 15.
Qxc7 Bxe2 16. Qxd6 Bxd6 17. Rfe1 Bd3 18. Rc6 Bb4 19. Bc3 Bxc3 20. Rxc3 Bf5 21.
Re5 Be6 22. f4 Ng4 23. Bxd5 Nxe5 24. Bxa8 Rxa8 25. dxe5 Rd8 26. Nc4 Rd1+ 27.
Kf2 b5 28. Ne3 Rd2+ 29. Ke1 Rxa2 30. f5 Bd7 31. Rd3 Bc6 32. Rd8+ Kh7 33. Rf8
Ra1+ 34. Kd2 Be4 35. Rxf7 Ra2+ 36. Kc3 Re2 37. Ng4 b4+ 38. Kxb4 Bxf5 39. Rxf5
Re4+ 40. Ka5 Rxg4 41. e6 Kg6 42. Rf7 Re4 43. Re7 Kf6 44. Kxa6 Kxe7 0-1

[Event "Tournoi Skype 030B"]
[Site "Skype"]
[Date "????.??.??"]
[Round "6.3"]
[White "Scata, Laura"]
[Black "Lognos, Lina"]
[Result "1-0"]
[WhiteElo "1366"]
[BlackElo "1023"]
[PlyCount "75"]

1. d4 d5 2. Bf4 Nf6 3. e3 e6 4. Bd3 c5 5. c3 Bd6 6. Bg3 Qc7 7. Bxd6 Qxd6 8. Nf3
c4 9. Bc2 Nbd7 10. Nbd2 b5 11. a4 O-O 12. O-O a6 13. axb5 axb5 14. Rxa8 Bb7 15.
Rxf8+ Qxf8 16. Qa1 Ne8 17. Qa7 Nd6 18. e4 Qc8 19. e5 Ne8 20. Nb1 Nc7 21. Na3
Nb8 22. Qb6 Nd7 23. Qa5 Ba6 24. b3 Nb8 25. Nb1 Nc6 26. Qa3 Qb8 27. bxc4 b4 28.
cxb4 Nxb4 29. Bd3 dxc4 30. Be4 c3 31. Rc1 Bd3 32. Bxd3 Nxd3 33. Rf1 Nb5 34. Qb3
h6 35. Nxc3 Nf4 36. Qxb5 Ne2+ 37. Kh1 Qxb5 38. Nxb5 1-0

[Event "Tournoi Skype 030B"]
[Site "Skype"]
[Date "????.??.??"]
[Round "6.4"]
[White "Khabou, Taha"]
[Black "Parrales, Rodolfo"]
[Result "1-0"]
[WhiteElo "1358"]
[BlackElo "1146"]
[PlyCount "101"]

1. d4 g6 2. Bf4 Bg7 3. e3 d6 4. Bd3 Nc6 5. c3 e5 6. dxe5 dxe5 7. Bg3 Nf6 8. Bc2
Qxd1+ 9. Bxd1 Bf5 10. Ba4 O-O 11. Bxc6 bxc6 12. Bxe5 Rab8 13. b3 Rb5 14. Nf3
Be4 15. Nbd2 Bxf3 16. Nxf3 Nd7 17. Bxg7 Kxg7 18. Nd4 Rb6 19. Ke2 c5 20. Nf3 a5
21. Rhd1 Nf6 22. a3 Rxb3 23. c4 Ne4 24. Rd7 Rb2+ 25. Nd2 Nxd2 26. Rxd2 Rxd2+
27. Kxd2 Rd8+ 28. Kc3 Kf6 29. Rb1 Ke5 30. Rb5 Ra8 31. Rxc5+ Kd6 32. Rb5 c5 33.
Rb7 Ke6 34. Rc7 Rd8 35. Kc2 Rd7 36. Rxc5 Ra7 37. Rb5 Kd6 38. Kb3 f5 39. Ka4 Rc7
40. c5+ Ke6 41. Kxa5 Ke5 42. Kb4 Ke4 43. Kc3 Ra7 44. Kb4 Kd3 45. c6 Ke2 46. Rb7
Ra6 47. c7 Rc6 48. Kb5 Rc2 49. Kb6 Kxf2 50. Rb8 Kxg2 51. c8=Q 1-0

[Event "Tournoi Skype 030B"]
[Site "Skype"]
[Date "????.??.??"]
[Round "6.5"]
[White "Hernandez Lopez, Joaquin"]
[Black "Abdulrazzaq, Mohsen"]
[Result "1-0"]
[WhiteElo "1061"]
[BlackElo "1346"]
[PlyCount "57"]

1. e4 c5 2. Nf3 e6 3. c3 d5 4. e5 Nc6 5. d4 Nge7 6. Bf4 Ng6 7. Bg3 cxd4 8. cxd4
Bb4+ 9. Nc3 Bd7 10. Bb5 Qa5 11. Bxc6 Bxc3+ 12. Nd2 Bxd2+ 13. Qxd2 Qxd2+ 14.
Kxd2 Bxc6 15. Rhc1 O-O 16. Ke1 f5 17. f4 Rac8 18. b4 Bb5 19. Rc5 a6 20. a4 b6
21. Rxc8 Rxc8 22. axb5 axb5 23. Ra6 Rc4 24. Rxb6 Rxb4 25. Rxe6 Rxd4 26. Rb6 b4
27. e6 Kf8 28. Bf2 Rxf4 29. Bc5+ 1-0

[Event "Tournoi Skype 030B"]
[Site "Skype"]
[Date "????.??.??"]
[Round "6.6"]
[White "Lago Carballo, Maria Del Carmen"]
[Black "Pirola, Gabriele"]
[Result "1-0"]
[WhiteElo "1294"]
[BlackElo "1000"]
[PlyCount "27"]

1. e4 e5 2. Nf3 Nc6 3. Nc3 Bc5 4. Nxe5 Nxe5 5. d4 Bxd4 6. Qxd4 Nc6 7. Qxg7 Qf6
8. Qg3 d6 9. Nd5 Qd8 10. Qg7 Nh6 11. Qxh8+ Kd7 12. Qxd8+ Kxd8 13. Bxh6 Nd4 14.
O-O-O 1-0

[Event "Tournoi Skype 030B"]
[Site "Skype"]
[Date "????.??.??"]
[Round "6.7"]
[White "Talwalkar, Omkar Sameer"]
[Black "Roman, Sylvian"]
[Result "1/2-1/2"]
[WhiteElo "1149"]
[BlackElo "1284"]
[PlyCount "57"]

1. e4 e5 2. Nf3 Nc6 3. Bc4 Bc5 4. c3 Nf6 5. d4 exd4 6. cxd4 Bb4+ 7. Bd2 Bxd2+
8. Nbxd2 d5 9. e5 dxc4 10. exf6 Qxf6 11. Nxc4 O-O 12. O-O Bg4 13. d5 Bxf3 14.
Qxf3 Qxf3 15. gxf3 Nd4 16. Kg2 Rad8 17. Ne3 Rd6 18. f4 Rg6+ 19. Kh1 Nf3 20. Nf5
Re8 21. Rac1 h6 22. Rxc7 Kh7 23. Rxf7 Re2 24. Ng3 Rxb2 25. Kg2 Nh4+ 26. Kh3 Nf3
27. Kg2 Nh4+ 28. Kh3 Nf3 29. Kg2 1/2-1/2

[Event "Tournoi Skype 030B"]
[Site "Skype"]
[Date "????.??.??"]
[Round "6.8"]
[White "Kumbhar, Ashok"]
[Black "Battaglia, Gabriele"]
[Result "1-0"]
[WhiteElo "1018"]
[BlackElo "1271"]
[PlyCount "99"]

1. d4 Nf6 2. c4 g6 3. Nc3 Bg7 4. Nf3 O-O 5. Bg5 d6 6. e3 Nbd7 7. Bd3 c5 8. O-O
cxd4 9. exd4 Re8 10. Re1 e6 11. Qd2 Qc7 12. Bh6 Bh8 13. Qg5 Nb6 14. Nh4 Nxc4
15. Nxg6 fxg6 16. Bxg6 Re7 17. Be8+ Bg7 18. Bxg7 Rxg7 19. Qxf6 Bd7 20. Bxd7
Qxd7 21. Qxe6+ Qxe6 22. Rxe6 Rd8 23. b3 Na3 24. Ne4 d5 25. Rd6 Rxd6 26. Nxd6
Nc2 27. Rc1 Rd7 28. Nxb7 Nxd4 29. Rc8+ Kg7 30. Nc5 Re7 31. g3 Nf3+ 32. Kg2 Rf7
33. Ne6+ Kh6 34. Rf8 Rxf8 35. Nxf8 Nd2 36. Ne6 Nb1 37. Kf3 Nc3 38. a4 Kg6 39.
h4 Kf6 40. Ng5 h6 41. Nh3 Ke5 42. g4 d4 43. g5 Ne4 44. g6 d3 45. Ke3 d2 46. Ke2
Kd4 47. g7 d1=Q+ 48. Kxd1 Nf6 49. Nf4 Kc3 50. Nd5+ 1-0

[Event "Tournoi Skype 030B"]
[Site "Skype"]
[Date "????.??.??"]
[Round "6.9"]
[White "Morales Terreros, Jose Luis"]
[Black "Moumtaz, Abderrahim"]
[Result "1-0"]
[WhiteElo "1000"]
[BlackElo "1213"]
[PlyCount "85"]

1. e4 e5 2. Bc4 Nf6 3. Nf3 Bc5 4. Nxe5 O-O 5. Bxf7+ Kh8 6. d4 d6 7. dxc5 dxe5
8. Qxd8 Rxd8 9. Nc3 Rf8 10. Bb3 Nc6 11. a3 Nd4 12. O-O Nxb3 13. cxb3 Be6 14. b4
c6 15. Bg5 Ne8 16. Rad1 Nc7 17. Rd6 Rf7 18. Rfd1 h6 19. Bh4 Raf8 20. Bg3 Bb3
21. R1d2 Ne6 22. Bxe5 Kg8 23. b5 cxb5 24. f3 a6 25. Nd5 Bxd5 26. exd5 Nxc5 27.
Rd1 Re7 28. Bg3 Re2 29. Rb6 Rxb2 30. Bd6 Rc8 31. Rc1 Nd7 32. Rxc8+ Kh7 33. Rxb7
Rb1+ 34. Kf2 Nf6 35. Rcc7 Ne8 36. Rd7 Rb2+ 37. Kg3 Nxd6 38. Rxd6 Re2 39. Rxa6
Re5 40. d6 Rd5 41. d7 Rg5+ 42. Kf2 Rd5 43. Ra8 1-0